Metabolic Living: (Record no. 194857)

MARC details
000 -LEADER
fixed length control field 00628nam a22001817a 4500
005 - DATE AND TIME OF LATEST TRANSACTION
control field 20230124105326.0
010 ## - LCCN (DPL NO)
LC control number ENG-136046
020 ## - INTERNATIONAL STANDARD BOOK NUMBER
International Standard Book Number 9788125062899
Terms of availability 995.00
035 ## - SYSTEM CONTROL NUMBER
System control number EN-119578
037 ## - SOURCE OF ACQUISITION
Source of stock number/acquisition DBAD/PUB
082 ## - DEWEY DECIMAL CLASSIFICATION NUMBER
Classification number 616.39800954
100 ## - MAIN ENTRY--PERSONAL NAME
Personal name Solomon, Harris
245 ## - TITLE STATEMENT
Title Metabolic Living:
Remainder of title Food, Fat and the Absorption of Illness In India/
Statement of responsibility, etc by Harris Solomon
260 ## - PUBLICATION, DISTRIBUTION, ETC. (IMPRINT)
Place of publication, distribution, etc Hyderabad
Name of publisher, distributor, etc Orient Blackswan Private Limited
Date of publication, distribution, etc 2016
270 ## - ADDRESS
Address 3-6-752 Himayatnagar
City Hyderabad
Postal code 500029
Electronic mail address centraloffice@orientblackswan.com
300 ## - PHYSICAL DESCRIPTION
Extent 292p.
Other physical details Index
Dimensions 24cm(hbk)
942 ## - ADDED ENTRY ELEMENTS (KOHA)
Source of classification or shelving scheme Dewey Decimal Classification
Item type English Books
Classification part 616.39800954
Call number suffix SOL
Holdings
Withdrawn status Lost status Not for loan Collection code Home library Current library Date acquired Source of acquisition Cost, normal purchase price Full call number Barcode Copy number Cost, replacement price Koha item type
      Non-fiction D.B.Act.Division Mobile Library 24/01/2023 DBAD/PUB 995.00 616.39800954 SOL EN-119578 1 995.00 English Books

© Delhi Public Library
Hit Counter
free hit counter